[Event "4. Aberto Internacional Carlos I"]
[Site "Sanxenxo ESP"]
[Date "2012.06.27"]
[Round "5.9"]
[White "Pena Torres, Jose Carlos"]
[Black "Espiñeira Gonzalez, Diego"]
[Result "0-1"]
[WhiteElo "2105"]
[BlackElo "2371"]
[PlyCount "68"]
[EventDate "2012.06.23"]
[EventType "swiss"]
[EventRounds "9"]
[EventCountry "ESP"]
[SourceTitle "Ajedrez en Madrid"]
[Source "lmi"]
[SourceDate "2012.06.23"]

1. e4 d6 2. d4 Nf6 3. Nd2 g6 4. Ngf3 Bg7 5. Bd3 O-O 6. O-O Nc6 7. d5 Nb4 8. Be2
a5 9. c3 Na6 10. Bxa6 Rxa6 11. a4 e6 12. c4 Nh5 13. Nb3 e5 14. c5 f5 15. exf5
Bxf5 16. Nfd2 Nf4 17. Nb1 Nd3 18. cxd6 Rxd6 19. Nc3 c6 20. Be3 cxd5 21. Nc5
Nxb2 22. Qb3 Rf7 23. Qxb2 d4 24. N3e4 dxe3 25. Nxd6 Qxd6 26. Nxb7 Qb8 27. Rad1
exf2+ 28. Rxf2 Rxb7 29. Qa2+ Kh8 30. h3 h5 31. g4 Rb1 32. Rxb1 Qxb1+ 33. Qxb1
Bxb1 34. gxh5 gxh5 0-1

[Event "4. Aberto Internacional Carlos I"]
[Site "Sanxenxo ESP"]
[Date "2012.06.27"]
[Round "5.10"]
[White "Gomez Dieguez, David"]
[Black "Pazos Porta, Antonio"]
[Result "1/2-1/2"]
[WhiteElo "2052"]
[BlackElo "2319"]
[PlyCount "95"]
[EventDate "2012.06.23"]
[EventType "swiss"]
[EventRounds "9"]
[EventCountry "ESP"]
[SourceTitle "Ajedrez en Madrid"]
[Source "lmi"]
[SourceDate "2012.06.23"]

1. e4 e6 2. g3 d5 3. exd5 exd5 4. Bg2 Nf6 5. d3 Be7 6. Ne2 O-O 7. O-O Re8 8.
Nbc3 c6 9. Bf4 Nbd7 10. Qd2 Nf8 11. Rae1 Ne6 12. h3 Bf8 13. g4 Nxf4 14. Nxf4
Rxe1 15. Rxe1 Bd7 16. d4 Ne8 17. Nd1 Nd6 18. Ne3 Qb6 19. c3 Re8 20. Nd3 f6 21.
f4 Ne4 22. Bxe4 Rxe4 23. Ng2 Rxe1+ 24. Qxe1 Qa5 25. Qb1 b6 26. b4 Qa3 27. Qb3
Qxb3 28. axb3 h5 29. Ne3 hxg4 30. hxg4 Kf7 31. Kf2 g6 32. Kf3 Bd6 33. c4 dxc4
34. bxc4 Bc7 35. c5 Be6 36. f5 gxf5 37. gxf5 Ba2 38. Ke4 bxc5 39. dxc5 Bb1 40.
Nc4 Kg7 41. Kd4 Kh6 42. Nd6 Kg5 43. b5 cxb5 44. Nxb5 Bb8 45. c6 Kxf5 46. c7
Bxc7 47. Nxc7 Bxd3 48. Kxd3 1/2-1/2

[Event "4. Aberto Internacional Carlos I"]
[Site "Sanxenxo ESP"]
[Date "2012.06.28"]
[Round "6.1"]
[White "Fernandez Garcia, Jose Luis"]
[Black "De La Villa Garcia, Jesus Maria"]
[Result "1/2-1/2"]
[WhiteElo "2419"]
[BlackElo "2478"]
[PlyCount "60"]
[EventDate "2012.06.23"]
[EventType "swiss"]
[EventRounds "9"]
[EventCountry "ESP"]
[SourceTitle "Ajedrez en Madrid"]
[Source "lmi"]
[SourceDate "2012.06.23"]

1. e4 e6 2. d4 d5 3. Nc3 Bb4 4. e5 c5 5. Nf3 Ne7 6. dxc5 Nd7 7. Bd3 Qc7 8. O-O
Bxc3 9. bxc3 Nxc5 10. c4 dxc4 11. Bxc4 Bd7 12. Qd6 Rc8 13. Qxc7 Rxc7 14. Ba3 b6
15. Nd4 Bc6 16. Bxc5 bxc5 17. Nb5 Bxb5 18. Bxb5+ Nc6 19. Rfb1 O-O 20. Bxc6 Rxc6
21. Rb7 Ra6 22. a4 Rd8 23. h4 h5 24. Ra3 Rd1+ 25. Kh2 Rd2 26. Rf3 Rxa4 27.
Rfxf7 Rg4 28. Kh3 Re2 29. Rxa7 Rxe5 30. Rfc7 Rg6 1/2-1/2

[Event "4. Aberto Internacional Carlos I"]
[Site "Sanxenxo ESP"]
[Date "2012.06.28"]
[Round "6.2"]
[White "Khamrakulov, Ibragim S"]
[Black "Sanchez Aller, Fernando"]
[Result "1-0"]
[WhiteElo "2517"]
[BlackElo "2298"]
[PlyCount "58"]
[EventDate "2012.06.23"]
[EventType "swiss"]
[EventRounds "9"]
[EventCountry "ESP"]
[SourceTitle "Ajedrez en Madrid"]
[Source "lmi"]
[SourceDate "2012.06.23"]

1. e4 e5 2. Nf3 Nc6 3. Bc4 Nf6 4. d3 Bc5 5. O-O d6 6. c3 O-O 7. h3 Ne7 8. d4
Bb6 9. a4 a6 10. dxe5 Nxe4 11. Ng5 d5 12. Bd3 Bf5 13. Qc2 f6 14. Nxe4 dxe4 15.
Bxe4 Bxe4 16. Qxe4 Qd5 17. Qxd5+ Nxd5 18. exf6 Rxf6 19. Nd2 Re8 20. Nf3 Re2 21.
a5 Ba7 22. Ra4 h6 23. Rg4 Ne7 24. Nd4 Bxd4 25. Rxd4 Nc6 26. Rc4 Rf7 27. b4 Ne5
28. Rd4 Rc2 29. Bf4 c5 1-0

[Event "4. Aberto Internacional Carlos I"]
[Site "Sanxenxo ESP"]
[Date "2012.06.28"]
[Round "6.3"]
[White "Paunovic, Dragan"]
[Black "Barlov, Dragan"]
[Result "1/2-1/2"]
[WhiteElo "2521"]
[BlackElo "2450"]
[PlyCount "62"]
[EventDate "2012.06.23"]
[EventType "swiss"]
[EventRounds "9"]
[EventCountry "ESP"]
[SourceTitle "Ajedrez en Madrid"]
[Source "lmi"]
[SourceDate "2012.06.23"]

1. d4 Nf6 2. c4 g6 3. Nc3 d5 4. cxd5 Nxd5 5. e4 Nxc3 6. bxc3 Bg7 7. Bc4 c5 8.
Ne2 Nc6 9. Be3 cxd4 10. cxd4 b5 11. Bxb5 Qa5+ 12. Nc3 Qxc3+ 13. Bd2 Qxd4 14.
Bxc6+ Bd7 15. Bxa8 Qxa1 16. Qxa1 Bxa1 17. O-O O-O 18. Rxa1 Rxa8 19. Rc1 Rc8 20.
Rxc8+ Bxc8 21. f3 f6 22. Kf2 Be6 23. a3 Bc4 24. Be3 a6 25. Bc5 Kf7 26. Ke3 e5
27. g3 Ke6 28. h4 h5 29. f4 Bf1 30. Bb4 Bg2 31. Bc3 Bh1 1/2-1/2

[Event "4. Aberto Internacional Carlos I"]
[Site "Sanxenxo ESP"]
[Date "2012.06.28"]
[Round "6.4"]
[White "Lariño Nieto, David"]
[Black "Espiñeira Gonzalez, Pablo Danie"]
[Result "1-0"]
[WhiteElo "2469"]
[BlackElo "2213"]
[PlyCount "127"]
[EventDate "2012.06.23"]
[EventType "swiss"]
[EventRounds "9"]
[EventCountry "ESP"]
[SourceTitle "Ajedrez en Madrid"]
[Source "lmi"]
[SourceDate "2012.06.23"]

1. e4 e5 2. Nf3 Nc6 3. Bb5 a6 4. Bxc6 dxc6 5. O-O Qd6 6. Na3 Be6 7. Qe2 O-O-O
8. Rd1 Bg4 9. Nc4 Qe6 10. b3 f6 11. Qe3 Bxf3 12. Qxf3 Bc5 13. Bb2 Nh6 14. c3
Qg4 15. Qxg4+ Nxg4 16. d4 Bd6 17. f3 Nh6 18. dxe5 fxe5 19. Kf1 Rhf8 20. Ke2 Nf7
21. Rd3 Rde8 22. Rad1 Re6 23. Ne3 Nh6 24. c4 b6 25. Bc3 a5 26. a4 g6 27. h3 Nf7
28. Be1 Nd8 29. Bh4 Nb7 30. Nc2 Nc5 31. Rc3 Ree8 32. Bf2 Nd7 33. Rcd3 Rf7 34.
Be3 c5 35. Na3 Nb8 36. Rxd6 cxd6 37. Nb5 Rd8 38. Nxd6+ Rxd6 39. Rxd6 Kc7 40.
Rd5 Nc6 41. g3 Re7 42. h4 Re6 43. Kf2 Re7 44. Bd2 Re6 45. Bc3 Re7 46. Ke3 Nd4
47. Bxd4 exd4+ 48. Kd3 Rf7 49. f4 Kc6 50. h5 Rd7 51. hxg6 hxg6 52. Rg5 Rd6 53.
e5 Re6 54. Ke4 Kd7 55. Rg4 Ke8 56. Rh4 Re7 57. g4 Rd7 58. Rh3 Rg7 59. e6 Ke7
60. Ke5 Kf8 61. Kf6 Rg8 62. Rh7 Ke8 63. Ra7 Rf8+ 64. Ke5 1-0

[Event "4. Aberto Internacional Carlos I"]
[Site "Sanxenxo ESP"]
[Date "2012.06.28"]
[Round "6.5"]
[White "Espiñeira Gonzalez, Diego"]
[Black "Recuero Guerra, David"]
[Result "1/2-1/2"]
[WhiteElo "2371"]
[BlackElo "2467"]
[PlyCount "30"]
[EventDate "2012.06.23"]
[EventType "swiss"]
[EventRounds "9"]
[EventCountry "ESP"]
[SourceTitle "Ajedrez en Madrid"]
[Source "lmi"]
[SourceDate "2012.06.23"]

1. e4 c5 2. Nf3 d6 3. d4 cxd4 4. Nxd4 Nf6 5. Nc3 Nc6 6. f3 e5 7. Nb3 Be7 8. Be3
O-O 9. Qd2 a5 10. Bb5 Na7 11. Bd3 Be6 12. O-O Nc6 13. Bb5 Na7 14. Bd3 Nc6 15.
Bb5 Na7 1/2-1/2

[Event "4. Aberto Internacional Carlos I"]
[Site "Sanxenxo ESP"]
[Date "2012.06.28"]
[Round "6.6"]
[White "Pinho, Paulo"]
[Black "Arribas Lopez, Angel"]
[Result "0-1"]
[WhiteElo "2145"]
[BlackElo "2463"]
[PlyCount "80"]
[EventDate "2012.06.23"]
[EventType "swiss"]
[EventRounds "9"]
[EventCountry "ESP"]
[SourceTitle "Ajedrez en Madrid"]
[Source "lmi"]
[SourceDate "2012.06.23"]

1. d4 e6 2. c4 b6 3. Nc3 Bb7 4. Nf3 Nf6 5. Bg5 h6 6. Bh4 Be7 7. Qc2 d5 8. cxd5
exd5 9. e3 O-O 10. Bd3 Nbd7 11. O-O Re8 12. Bg3 a6 13. Rad1 Bd6 14. Bxd6 cxd6
15. Qb3 Kh8 16. Bf5 Nb8 17. Rc1 Nc6 18. Ne1 Na5 19. Qd1 b5 20. Nd3 g6 21. Bh3
Nc4 22. b3 Nb6 23. g3 Kg7 24. Rc2 Bc8 25. Bxc8 Rxc8 26. Qe2 Qd7 27. Rfc1 h5 28.
h4 Qf5 29. a4 g5 30. hxg5 Qxg5 31. Ne1 bxa4 32. Nxa4 Rxc2 33. Rxc2 Nxa4 34.
bxa4 Ne4 35. Ng2 Rb8 36. Qf3 Rb1+ 37. Kh2 Qg4 38. Qxg4+ hxg4 39. Nf4 Ng5 40.
Kg2 Nf3 0-1

[Event "4. Aberto Internacional Carlos I"]
[Site "Sanxenxo ESP"]
[Date "2012.06.28"]
[Round "6.7"]
[White "Santos Latasa, Jaime"]
[Black "Abella Vazquez, Cesar"]
[Result "1-0"]
[WhiteElo "2396"]
[BlackElo "2090"]
[PlyCount "95"]
[EventDate "2012.06.23"]
[EventType "swiss"]
[EventRounds "9"]
[EventCountry "ESP"]
[SourceTitle "Ajedrez en Madrid"]
[Source "lmi"]
[SourceDate "2012.06.23"]

1. Nf3 Nf6 2. c4 g6 3. Nc3 Bg7 4. e4 d6 5. d4 O-O 6. Be2 e5 7. O-O Nc6 8. d5
Ne7 9. Ne1 Ne8 10. Be3 f5 11. f3 f4 12. Bf2 g5 13. Rc1 Ng6 14. c5 Rf7 15. Nd3
Bf8 16. a4 h5 17. a5 Rg7 18. Kh1 Nf6 19. Rg1 g4 20. g3 gxf3 21. Bxf3 Ng4 22.
Ne2 Qg5 23. Qe1 fxg3 24. Rxg3 Nh4 25. Ng1 Nxf3 26. Nxf3 Qf6 27. Qe2 Bd7 28. Rf1
Bb5 29. Be1 Qe7 30. h3 Nf6 31. Nh4 Rxg3 32. Bxg3 Bd7 33. Nf5 Bxf5 34. Rxf5 Bg7
35. Bh4 Rf8 36. Qg2 Rf7 37. cxd6 cxd6 38. Rxh5 Nxh5 39. Bxe7 Rxe7 40. Qg6 Nf6
41. Ne1 Rc7 42. Nf3 Rc1+ 43. Kg2 Rc2+ 44. Kg3 Rc1 45. Ng5 Rg1+ 46. Kh2 Rc1 47.
Ne6 Rc2+ 48. Kg3 1-0

[Event "4. Aberto Internacional Carlos I"]
[Site "Sanxenxo ESP"]
[Date "2012.06.28"]
[Round "6.8"]
[White "Pazos Porta, Antonio"]
[Black "Varela Fernandez, Andres"]
[Result "1-0"]
[WhiteElo "2319"]
[BlackElo "1742"]
[PlyCount "95"]
[EventDate "2012.06.23"]
[EventType "swiss"]
[EventRounds "9"]
[EventCountry "ESP"]
[SourceTitle "Ajedrez en Madrid"]
[Source "lmi"]
[SourceDate "2012.06.23"]

1. e4 c5 2. Nf3 d6 3. g3 Nc6 4. Bg2 g6 5. d4 cxd4 6. Nxd4 Bg7 7. Ne2 Nf6 8.
Nbc3 O-O 9. O-O Qd7 10. a4 b6 11. Re1 Bb7 12. Nd5 Rac8 13. h3 Rfd8 14. Bg5 Ne5
15. b3 Nxd5 16. exd5 Qc7 17. Ra2 h6 18. Be3 Re8 19. c4 Kh7 20. Nd4 a6 21. Rae2
e6 22. f4 Nd7 23. dxe6 fxe6 24. Bxb7 Qxb7 25. Bf2 e5 26. f5 Nf6 27. fxg6+ Kxg6
28. Qb1+ Kf7 29. Nf5 Bf8 30. Qc1 Qf3 31. Nh4 Qxb3 32. Rb2 Qxc4 33. Qb1 e4 34.
Rxb6 d5 35. Rf1 Re6 36. Nf5 Rxb6 37. Qxb6 Qc6 38. Qd4 Kg6 39. Nh4+ Kh7 40. Qe5
Re8 41. Qf5+ Kg8 42. Bd4 Bg7 43. Qg6 Rf8 44. Nf5 Qd7 45. Bxf6 Rxf6 46. Nxh6+
Kf8 47. Rxf6+ Bxf6 48. Qxf6+ 1-0

[Event "4. Aberto Internacional Carlos I"]
[Site "Sanxenxo ESP"]
[Date "2012.06.28"]
[Round "6.9"]
[White "Gomez Dieguez, David"]
[Black "Recuero Guerra, Javier"]
[Result "1-0"]
[WhiteElo "2052"]
[BlackElo "2243"]
[PlyCount "115"]
[EventDate "2012.06.23"]
[EventType "swiss"]
[EventRounds "9"]
[EventCountry "ESP"]
[SourceTitle "Ajedrez en Madrid"]
[Source "lmi"]
[SourceDate "2012.06.23"]

1. e4 e6 2. d4 d5 3. Nd2 dxe4 4. Nxe4 Bd7 5. Nf3 Bc6 6. Bd3 Nd7 7. O-O Ngf6 8.
Re1 Be7 9. c3 O-O 10. Nxf6+ Bxf6 11. Qc2 g6 12. Ne5 Nxe5 13. dxe5 Bg7 14. Bf4
Qd5 15. Be4 Qc4 16. b3 Qc5 17. b4 Bxe4 18. Rxe4 Qc6 19. Bg5 a5 20. Qd3 Qd5 21.
Qxd5 exd5 22. Re2 Rfe8 23. Bf4 Re6 24. Kf1 a4 25. Rd1 c6 26. b5 Rae8 27. bxc6
bxc6 28. Rd4 a3 29. Ra4 f6 30. Rxa3 fxe5 31. Bd2 c5 32. Ra7 Rb6 33. Rd7 Ra6 34.
Rxd5 Rxa2 35. Be3 Ra3 36. Rxc5 e4 37. Rc2 Rd8 38. g3 h5 39. Rc6 Kf7 40. Rc7+
Kg8 41. c4 Ra1+ 42. Kg2 Bf6 43. Rc1 Ra2 44. c5 Rd3 45. Kg1 Bd4 46. Rb1 Ra8 47.
Bxd4 Rxd4 48. Rb6 e3 49. Rxg6+ Kh8 50. fxe3 Rd2 51. Rf6 Kg8 52. Rf2 Ra1+ 53.
Kg2 Rd3 54. Rb2 Ra8 55. c6 Rxe3 56. Rd7 Rc3 57. c7 Rc8 58. Rd8+ 1-0

[Event "4. Aberto Internacional Carlos I"]
[Site "Sanxenxo ESP"]
[Date "2012.06.28"]
[Round "6.10"]
[White "Garcia Martin, Juan Manuel"]
[Black "Garcia Brion, Eduardo"]
[Result "0-1"]
[WhiteElo "1864"]
[BlackElo "2191"]
[PlyCount "92"]
[EventDate "2012.06.23"]
[EventType "swiss"]
[EventRounds "9"]
[EventCountry "ESP"]
[SourceTitle "Ajedrez en Madrid"]
[Source "lmi"]
[SourceDate "2012.06.23"]

1. d4 Nf6 2. Bf4 d6 3. e3 g6 4. Nf3 Bg7 5. c3 O-O 6. Bd3 Nbd7 7. O-O Re8 8. Bg5
c6 9. Nbd2 Qc7 10. Bxf6 Nxf6 11. e4 e5 12. dxe5 dxe5 13. Bc4 b5 14. Bb3 h6 15.
Qc2 Rb8 16. Rad1 Nh5 17. Nh4 Kh7 18. c4 b4 19. c5 Nf4 20. Nc4 Qe7 21. Nf3 Bg4
22. Ncd2 Ne2+ 23. Kh1 Nd4 24. Qc4 Rb7 25. h3 Be6 26. Qc1 Nxb3 27. Nxb3 Rb5 28.
Rd6 Qc7 29. Rfd1 Bf8 30. R6d2 a5 31. Rc2 a4 32. Nbd2 Bxa2 33. Qa1 b3 34. Rc4
Qa5 35. Rdc1 Rxc5 36. g3 Qb5 37. Kg2 Rd8 38. R1c3 Rxc4 39. Nxc4 Bb4 40. Qc1 a3
41. Ncxe5 axb2 42. Qxb2 Bxc3 43. Qxc3 b2 44. Ng4 Rd6 45. Nf6+ Rxf6 46. Qxf6
b1=Q 0-1

[Event "4. Aberto Internacional Carlos I"]
[Site "Sanxenxo ESP"]
[Date "2012.06.29"]
[Round "7.1"]
[White "Arribas Lopez, Angel"]
[Black "Khamrakulov, Ibragim S"]
[Result "0-1"]
[WhiteElo "2463"]
[BlackElo "2517"]
[PlyCount "80"]
[EventDate "2012.06.23"]
[EventType "swiss"]
[EventRounds "9"]
[EventCountry "ESP"]
[SourceTitle "Ajedrez en Madrid"]
[Source "lmi"]
[SourceDate "2012.06.23"]

1. d4 Nf6 2. Nf3 e6 3. e3 c5 4. Bd3 d5 5. O-O c4 6. Be2 b5 7. c3 Bb7 8. a4 a6
9. b3 Bd6 10. Ba3 O-O 11. Qc2 Nc6 12. Nbd2 Bxa3 13. Rxa3 Qd6 14. b4 Nd7 15. e4
e5 16. dxe5 Ndxe5 17. Nxe5 Nxe5 18. f4 Qb6+ 19. Rf2 dxe4 20. a5 Qa7 21. Nxe4
Nd3 22. Bxd3 cxd3 23. Qxd3 Rad8 24. Nd6 Rd7 25. Ra1 Rfd8 26. Rd1 h6 27. h3 Qb8
28. Rfd2 Qc7 29. Kh2 Rxd6 30. Qxd6 Rxd6 31. Rxd6 Qxc3 32. R6d4 f5 33. R1d3 Qc1
34. Rg3 Qc7 35. Rg6 Be4 36. Rdd6 Qc1 37. Rxa6 Qxf4+ 38. Kg1 Qe3+ 39. Kh2 f4 40.
Rae6 Bxg6 0-1

[Event "4. Aberto Internacional Carlos I"]
[Site "Sanxenxo ESP"]
[Date "2012.06.29"]
[Round "7.2"]
[White "De La Villa Garcia, Jesus Maria"]
[Black "Lariño Nieto, David"]
[Result "0-1"]
[WhiteElo "2478"]
[BlackElo "2469"]
[PlyCount "88"]
[EventDate "2012.06.23"]
[EventType "swiss"]
[EventRounds "9"]
[EventCountry "ESP"]
[SourceTitle "Ajedrez en Madrid"]
[Source "lmi"]
[SourceDate "2012.06.23"]

1. e4 g6 2. d4 Bg7 3. Nf3 d6 4. Bc4 Nf6 5. Qe2 O-O 6. e5 dxe5 7. dxe5 Nd5 8. h3
Be6 9. O-O Nd7 10. Bb3 Nc5 11. Rd1 Nxb3 12. axb3 Qc8 13. Nc3 Nxc3 14. bxc3 c5
15. c4 Qc6 16. Bg5 Rfe8 17. Re1 a5 18. Ra4 b6 19. Nd2 Bd7 20. Nb1 Qe6 21. Ra3
Bc6 22. Nc3 Rad8 23. Ra2 Bb7 24. f3 Rd4 25. Nb5 Rd7 26. Bf4 Red8 27. Qe3 Bc6
28. Nc3 Rd4 29. Bg3 h5 30. Raa1 Kh7 31. Qf2 Bh6 32. Re2 R8d7 33. Rf1 a4 34. f4
h4 35. Bh2 axb3 36. cxb3 Rd3 37. Rc1 R7d4 38. Re3 Rxe3 39. Qxe3 Qf5 40. Qf2
Bxf4 41. Bxf4 Rxf4 42. Qe3 Qg5 43. Qe2 Rxc4 44. Qxc4 Qxg2# 0-1

[Event "4. Aberto Internacional Carlos I"]
[Site "Sanxenxo ESP"]
[Date "2012.06.29"]
[Round "7.3"]
[White "Paunovic, Dragan"]
[Black "Fernandez Garcia, Jose Luis"]
[Result "1/2-1/2"]
[WhiteElo "2521"]
[BlackElo "2419"]
[PlyCount "60"]
[EventDate "2012.06.23"]
[EventType "swiss"]
[EventRounds "9"]
[EventCountry "ESP"]
[SourceTitle "Ajedrez en Madrid"]
[Source "lmi"]
[SourceDate "2012.06.23"]

1. Nf3 g6 2. g3 Bg7 3. c4 Nf6 4. Bg2 O-O 5. Nc3 d5 6. cxd5 Nxd5 7. O-O Nc6 8.
Nxd5 Qxd5 9. d3 a5 10. Qc2 Qb5 11. Rb1 a4 12. Bd2 Be6 13. b3 axb3 14. axb3 Ra3
15. b4 Ra2 16. Qc5 Qxc5 17. bxc5 Bg4 18. Bf4 Rxe2 19. Rxb7 Rc2 20. Rxc7 Rxc5
21. h3 Bf5 22. d4 Rc3 23. d5 Nb4 24. Rxc3 Bxc3 25. d6 exd6 26. Bxd6 Rd8 27. Bf4
Bc2 28. Be5 Bxe5 29. Nxe5 Rd1 30. f4 f6 1/2-1/2

[Event "4. Aberto Internacional Carlos I"]
[Site "Sanxenxo ESP"]
[Date "2012.06.29"]
[Round "7.4"]
[White "Recuero Guerra, David"]
[Black "Pazos Porta, Antonio"]
[Result "1-0"]
[WhiteElo "2467"]
[BlackElo "2319"]
[PlyCount "67"]
[EventDate "2012.06.23"]
[EventType "swiss"]
[EventRounds "9"]
[EventCountry "ESP"]
[SourceTitle "Ajedrez en Madrid"]
[Source "lmi"]
[SourceDate "2012.06.23"]

1. e4 e6 2. d4 d5 3. Nc3 Nf6 4. Bg5 Bb4 5. Nge2 dxe4 6. a3 Be7 7. Bxf6 gxf6 8.
Nxe4 b6 9. g3 f5 10. N4c3 Bb7 11. d5 exd5 12. Bg2 c6 13. O-O Qd6 14. Re1 O-O
15. Nd4 Qf6 16. Nxc6 Bxc6 17. Nxd5 Bxd5 18. Bxd5 Rd8 19. Qf3 Rxd5 20. Qxd5 Qc6
21. Qxf5 Bf6 22. Rad1 Na6 23. c3 Nc7 24. Rd7 Ne6 25. Red1 Ng7 26. Qf4 Ne8 27.
R7d6 Nxd6 28. Rxd6 Qb5 29. Qxf6 Qxb2 30. Rd4 Qc2 31. h3 h5 32. Rd5 Re8 33. Rg5+
Kf8 34. Qg7+ 1-0

[Event "4. Aberto Internacional Carlos I"]
[Site "Sanxenxo ESP"]
[Date "2012.06.29"]
[Round "7.6"]
[White "Sanchez Aller, Fernando"]
[Black "Santos Latasa, Jaime"]
[Result "0-1"]
[WhiteElo "2298"]
[BlackElo "2396"]
[PlyCount "62"]
[EventDate "2012.06.23"]
[EventType "swiss"]
[EventRounds "9"]
[EventCountry "ESP"]
[SourceTitle "Ajedrez en Madrid"]
[Source "lmi"]
[SourceDate "2012.06.23"]

1. e4 c5 2. Nc3 e6 3. Nf3 a6 4. g3 b5 5. d4 cxd4 6. Nxd4 Bb7 7. Bg2 Nf6 8. O-O
b4 9. Na4 Bxe4 10. Bxe4 Nxe4 11. Re1 Nf6 12. Qf3 d5 13. c4 bxc3 14. Qxc3 Bd6
15. Nf5 O-O 16. Nxd6 Qxd6 17. Bf4 Qc6 18. Qa3 a5 19. Rac1 Qb5 20. Rc5 Qb4 21.
Qxb4 axb4 22. b3 Ne4 23. Rc2 Nd7 24. Rec1 e5 25. Bd2 Rab8 26. Be1 d4 27. Rc7
Ndf6 28. Re7 d3 29. Rxe5 d2 30. Bxd2 Nxd2 31. Kg2 Rfe8 0-1

[Event "4. Aberto Internacional Carlos I"]
[Site "Sanxenxo ESP"]
[Date "2012.06.29"]
[Round "7.7"]
[White "Garcia Brion, Eduardo"]
[Black "Espiñeira Gonzalez, Diego"]
[Result "0-1"]
[WhiteElo "2191"]
[BlackElo "2371"]
[PlyCount "82"]
[EventDate "2012.06.23"]
[EventType "swiss"]
[EventRounds "9"]
[EventCountry "ESP"]
[SourceTitle "Ajedrez en Madrid"]
[Source "lmi"]
[SourceDate "2012.06.23"]

1. e4 d6 2. Bc4 Nf6 3. Qe2 e5 4. Nf3 Be7 5. d4 exd4 6. Nxd4 O-O 7. O-O c6 8.
Bd3 Re8 9. c4 Nbd7 10. Nc3 Bf8 11. Bg5 h6 12. Bh4 Qb6 13. Nb3 a5 14. Qc2 Be7
15. h3 Ne5 16. Be2 Be6 17. Nd2 Ng6 18. Bg3 d5 19. e5 Nd7 20. Kh1 Bh4 21. Bxh4
Nxh4 22. cxd5 cxd5 23. f4 Nf5 24. Qd3 Nc5 25. Qf3 Qxb2 26. Rad1 Rac8 27. Nb5
Ne4 28. Nxe4 dxe4 29. Qf2 Qxe2 30. Qxe2 Ng3+ 31. Kh2 Nxe2 32. Nd6 Nc3 33. Ra1
b5 34. Nxe8 Rxe8 35. a3 e3 36. Rf3 Nd5 37. Rd1 f5 38. exf6 gxf6 39. f5 Bf7 40.
g4 b4 41. axb4 axb4 0-1

[Event "4. Aberto Internacional Carlos I"]
[Site "Sanxenxo ESP"]
[Date "2012.06.29"]
[Round "7.8"]
[White "Vaarala, Eric"]
[Black "Gomez Dieguez, David"]
[Result "1/2-1/2"]
[WhiteElo "2249"]
[BlackElo "2052"]
[PlyCount "139"]
[EventDate "2012.06.23"]
[EventType "swiss"]
[EventRounds "9"]
[EventCountry "ESP"]
[SourceTitle "Ajedrez en Madrid"]
[Source "lmi"]
[SourceDate "2012.06.23"]

1. c4 e5 2. Nc3 Nc6 3. g3 d6 4. Bg2 Be6 5. d3 Qd7 6. Rb1 Nge7 7. Nd5 Nd8 8. Bg5
f6 9. Bd2 c6 10. Nxe7 Bxe7 11. Nf3 Nf7 12. h4 h5 13. b4 d5 14. cxd5 cxd5 15.
Qb3 d4 16. Qb2 O-O 17. O-O Nd6 18. Rfc1 Rfc8 19. Ne1 Rxc1 20. Rxc1 Rc8 21.
Rxc8+ Nxc8 22. b5 Nb6 23. Ba5 Nd5 24. a4 b6 25. Bd2 Qc8 26. Bf3 g6 27. Nc2 Nc3
28. Nb4 Bxb4 29. Qxb4 Qc5 30. Qb2 Nxa4 31. Qa1 Qxb5 32. Qa3 Qd7 33. Be4 f5 34.
Bg2 Nc5 35. Bb4 Qe7 36. Bxc5 bxc5 37. Qa6 Bf7 38. Bb7 Kg7 39. Kf1 Qc7 40. Bc6
Qb6 41. Qa4 a5 42. Be8 Qb1+ 43. Kg2 Qb7+ 44. Kh2 Qc7 45. Bxf7 Kxf7 46. Qc4+ Kg7
47. f3 f4 48. Qa6 fxg3+ 49. Kxg3 e4+ 50. Kg2 e3 51. Qc4 Qc6 52. Qb3 Qc7 53. Qc4
Qe7 54. Kh3 Qd7+ 55. Kg2 Qd6 56. Qb5 g5 57. hxg5 h4 58. Kh1 Kg6 59. Qxa5 Kxg5
60. Qa8 h3 61. Qh8 Qe6 62. Kh2 Kg6 63. Kg3 Kf7 64. Qh7+ Kf6 65. Qh6+ Ke7 66.
Qg7+ Kd6 67. Qf8+ Kc6 68. Qa8+ Kd6 69. Qb8+ Kc6 70. Qa8+ 1/2-1/2

[Event "4. Aberto Internacional Carlos I"]
[Site "Sanxenxo ESP"]
[Date "2012.06.29"]
[Round "7.9"]
[White "Pena Torres, Jose Carlos"]
[Black "Meneses Gonzalez, Kevin Moises"]
[Result "0-1"]
[WhiteElo "2105"]
[BlackElo "2264"]
[PlyCount "82"]
[EventDate "2012.06.23"]
[EventType "swiss"]
[EventRounds "9"]
[EventCountry "ESP"]
[SourceTitle "Ajedrez en Madrid"]
[Source "lmi"]
[SourceDate "2012.06.23"]

1. e4 c5 2. Nf3 d6 3. d4 cxd4 4. Nxd4 Nf6 5. Nc3 Nc6 6. Be2 e5 7. Ndb5 a6 8.
Na3 b5 9. Nd5 Nxd5 10. exd5 Nd4 11. Bd3 Be7 12. c3 Nf5 13. Nc2 O-O 14. Nb4 Bg5
15. Nc6 Qf6 16. O-O Bxc1 17. Rxc1 Bd7 18. Bxf5 Bxf5 19. c4 Rfe8 20. b4 bxc4 21.
Rxc4 Qg6 22. Re1 Bd7 23. a4 e4 24. Qb3 Qg5 25. Rc3 f5 26. Rg3 Qh6 27. Rh3 Qg5
28. Rg3 Qh6 29. Rh3 Qg6 30. Rg3 Qf7 31. Rc3 f4 32. b5 axb5 33. axb5 f3 34. gxf3
Qg6+ 35. Kf1 Bh3+ 36. Ke2 exf3+ 37. Kd2 Rxe1 38. Kxe1 Qg1+ 39. Kd2 Qxf2+ 40.
Kd3 Bf5+ 41. Kc4 Qc5# 0-1

[Event "4. Aberto Internacional Carlos I"]
[Site "Sanxenxo ESP"]
[Date "2012.06.29"]
[Round "7.10"]
[White "Espiñeira Gonzalez, Pablo Danie"]
[Black "Castellanos Bogalo, Antonio"]
[Result "1-0"]
[WhiteElo "2213"]
[BlackElo "2100"]
[PlyCount "121"]
[EventDate "2012.06.23"]
[EventType "swiss"]
[EventRounds "9"]
[EventCountry "ESP"]
[SourceTitle "Ajedrez en Madrid"]
[Source "lmi"]
[SourceDate "2012.06.23"]

1. c4 g6 2. Nc3 d6 3. g3 Bg7 4. Bg2 Nh6 5. Nf3 e5 6. d4 Ng4 7. e4 Nc6 8. d5 Ne7
9. h3 Nh6 10. Be3 f6 11. Qd2 Nf7 12. O-O O-O 13. Rac1 Bd7 14. b4 b6 15. Ne1 f5
16. f3 h6 17. c5 g5 18. Bf2 h5 19. c6 Bc8 20. exf5 Bxf5 21. g4 Bc8 22. a4 a5
23. b5 Ng6 24. Ne4 Nf4 25. Be3 Nh6 26. Nd3 Rf7 27. Ng3 h4 28. Ne4 Bf6 29. Nb2
Kg7 30. Nc4 Ng8 31. Nc3 Ne7 32. Rf2 Neg6 33. Bf1 Be7 34. Kh2 Qf8 35. Ne4 Rb8
36. Qd1 Qd8 37. Nb2 Qg8 38. Bc4 Qf8 39. Bb3 Kh6 40. Nc4 Qd8 41. Bc2 Nf8 42. Nc3
N8g6 43. Be4 Qf8 44. Qd2 Qd8 45. Na2 Qf8 46. Ra1 Bf6 47. Nc1 Be7 48. Nb3 Bd8
49. Nbxa5 Ne7 50. Nb3 Rf6 51. Rff1 Qg8 52. Bxf4 Rxf4 53. Ne3 Rf6 54. a5 bxa5
55. Qxa5 Rf8 56. Nd2 Qf7 57. Rab1 Nxd5 58. Qa7 Rb6 59. Ndc4 Be6 60. Nxd5 Bxd5
61. Nxb6 1-0